000 00635nam a22001937a 4500
005 20180129150205.0
010 _aENG-122165
020 _a9780199477784
_c450.00
035 _aEN-105697
037 _bDBAD/PUB
082 _aS
100 _aAntharjanam, Lalithambika
245 _aOn the far side of memory /
_cby Lalithambika Antharjanam and Translated from Malayalam by J. Devika; edited by Mini Krishnan
260 _aNew Delhi
_bOxford University Press
_c2017
270 _a2/11 Ground Floor, Ansari Road, Daryaganj
_bNew Delhi
_e110002
300 _a174p.
_c24cm
500 _aincludes Glossary
942 _2ddc
_cEN
_hS
_mANT
999 _c149564
_d149564